Кузнецкие были: историческое повествование в рассказах

Bibliografiska uppgifter
Huvudupphovsman: Чуднов Г. М. Гавриил Михайлович
Övriga upphovsmän: Макаров А. С. (иллюстратор)
Språk:ryska
Publicerad: Тула, Приокское кн. изд-во, 1989
Ämnen:
Materialtyp: MixedMaterials Bok
KOHA link:https://koha.lib.tpu.ru/cgi-bin/koha/opac-detail.pl?biblionumber=152045

MARC

LEADER 00000nam0a2200000 4500
001 152045
005 20231031150907.0
010 |a 5763900057 
020 |a RU  |b 89-38372 
035 |a (RuTPU)RU\TPU\book\164868 
090 |a 152045 
100 |a 20090128d1989 m y0rusy5003 ca 
101 0 |a rus 
102 |a RU 
105 |a a z 000ay 
200 1 |a Кузнецкие были  |e историческое повествование в рассказах  |f Г. М. Чуднов  |g худож. А. С. Макаров 
210 |a Тула  |c Приокское кн. изд-во  |d 1989 
215 |a 224 с.  |c ил.  |d 22 см 
610 1 |a Оружейники русские 
610 1 |a Оружейные заводы 
610 1 |a Тула 
610 1 |a история 
610 1 |a историческая проза 
610 1 |a исторические рассказы 
675 |a Р2  |z rus 
700 1 |a Чуднов  |b Г. М.  |g Гавриил Михайлович  |4 070 
702 1 |a Макаров  |b А. С.  |4 440 
801 0 |a RU  |b RuMRKP  |c 19950417  |g psbo 
801 1 |a RU  |b 63413507  |c 20090128  |g PSBO 
801 2 |a RU  |b 63413507  |c 20090128  |g PSBO 
942 |c BK